Statistiche per Paesi più Grandi del Sudafrica

Clicka qui per fare il quiz!

Statistiche generali

  • Questo quiz è stato fatto 41 volte
  • Il punteggio medio è 20 su 23

Statistiche sulle risposte

SuperficiePaese% Corretto
2,381,741Algeria
94%
2,780,400Argentina
94%
8,514,877Brasile
94%
9,984,670Canada
94%
9,596,961Cina
94%
3,287,263India
94%
2,724,900Kazakistan
94%
1,564,116Mongolia
94%
2,344,858Rep. Dem. del Congo
94%
17,098,242Russia
94%
9,826,675Stati Uniti
94%
7,741,220Australia
88%
1,284,000Ciad
88%
1,759,540Libia
88%
1,964,375Messico
88%
1,285,216Perù
88%
1,861,484Sudan
88%
2,149,690Arabia Saudita
82%
1,648,195Iran
82%
1,246,700Angola
76%
1,240,192Mali
76%
1,904,569Indonesia
71%
1,267,000Niger
65%

Distribuzione punteggi

Percentile per numero di risposta

Percentuale di utenti per punteggio

I tuoi punteggi nel tempo

Non hai fatto questo quiz